00421nam a2200157Ia 4500008004000000041000800040082001700048100001600065245006400081260002900145300001400174650002900188650001700217650001000234650001900244210210b2015 xxu||||| |||| 00| 0 eng d aeng a954.87K RASK aRASHMI (Es) aKarnatakadalli turtuparisthiti: prabhava mattu parinamagalu aBengalurubAbinavac2015 axxiii,499 aturtuparisthiti:prabhava aparinamagalu amattu aKarnatakadalli